Association of Vitamin D Deficiency with Tuberculosis in Adult Patients Reporting to a Tertiary Care Hospital of Rawalpindi / (Record no. 535788)
[ view plain ]
| 000 -LEADER | |
|---|---|
| fixed length control field | 00524nam a22001337a 4500 |
| 100 ## - MAIN ENTRY--PERSONAL NAME | |
| Personal name | Fawad Mashhadi, Syed |
| 245 ## - TITLE STATEMENT | |
| Title | Association of Vitamin D Deficiency with Tuberculosis in Adult Patients Reporting to a Tertiary Care Hospital of Rawalpindi / |
| Statement of responsibility, etc. | Syed Fawad Mashhadi. |
| 260 ## - PUBLICATION, DISTRIBUTION, ETC. | |
| Place of publication, distribution, etc. | Islamabad : |
| Name of publisher, distributor, etc. | AMC NUST, |
| Date of publication, distribution, etc. | 2014. |
| 300 ## - PHYSICAL DESCRIPTION | |
| Extent | 105 p. : |
| 942 ## - ADDED ENTRY ELEMENTS (KOHA) | |
| Source of classification or shelving scheme | |
| Koha item type | Thesis |
| 650 ## - SUBJECT ADDED ENTRY--TOPICAL TERM | |
| Topical term or geographic name entry element | Community Medicine - M Phil Theses. |
| 700 ## - ADDED ENTRY--PERSONAL NAME | |
| Personal name | Sup Dr. Mahmood Ur Rahman. |
| 650 ## - SUBJECT ADDED ENTRY--TOPICAL TERM | |
| -- | 30642 |
| 700 ## - ADDED ENTRY--PERSONAL NAME | |
| -- | 30643 |
| Withdrawn status | Lost status | Source of classification or shelving scheme | Damaged status | Not for loan | Permanent Location | Current Location | Shelving location | Date acquired | Full call number | Barcode | Date last seen | Price effective from | Non-public note | Koha item type |
|---|---|---|---|---|---|---|---|---|---|---|---|---|---|---|
| NUST School of Health Sciences (NSHS) | NUST School of Health Sciences (NSHS) | Thesis | 09/23/2020 | 613 | CL-T-6281 | 09/23/2020 | 09/23/2020 | Minute Sheet No. 0929/02/CL/Survey/5 dated 23rd April 2024 E-MIN ID 114741 | Thesis | |||||
| NUST School of Health Sciences (NSHS) | NUST School of Health Sciences (NSHS) | Thesis | 09/23/2020 | 613 | CL-T-6229 | 09/23/2020 | 09/23/2020 | Minute Sheet No. 0929/02/CL/Survey/5 dated 23rd April 2024 E-MIN ID 114741 | Thesis | |||||
| NUST School of Health Sciences (NSHS) | NUST School of Health Sciences (NSHS) | Thesis | 09/23/2020 | 613 | CL-T-6357 | 09/23/2020 | 09/23/2020 | Minute Sheet No. 0929/02/CL/Survey/5 dated 23rd April 2024 E-MIN ID 114741 | Thesis |
